000 00636nam a2200181 i 4500
001 69857
003 ES-MaACL
005 20230906170635.0
007 t|
008 040712s1962 sp ||||1| spa d
100 1 _aGarcía Larragueta, Santos.
_954809
245 1 0 _aColección de documentos de la Catedral de Oviedo /
_cSantos García Larragueta.
260 _aOviedo :
_b[s.n.,
_c1962] (
_f"La Cruz")
300 _aXVI, 632 p., 10 lám. ;
_c25 cm.
500 _aPrecede al tít.: Diputación de Asturias, Instituto de Estudios Asturianos.
710 2 _aInstituto de Estudios Asturianos.
_94889
852 _aES-MaACL
_jC-22950
_bR.5107
999 _c69857
_d69857